000 00569nam a2200217Ia 4500
005 20241129120146.0
008 241129s9999||||xx |||||||||||||| ||und||
020 _a9781032767246
037 _aTB
040 _aSDCL
_beng
_cSDCL
041 _aeng
_2eng
084 _aV2'P, R4
_qSDCL
100 _aDhaliwal Shveta Ed.
_9724356
245 0 _aIndia and the changing world order
260 _aLondon
_bRoutledge
_c2024
300 _ax,146p.
365 _aINR
_b1295
650 _aPolitical Science
942 _cTB
_hV2'P, R4
999 _c1233597
_d1233597